World Cities With the Most Millionaires - Statistics

General Stats
  • This quiz has been taken 858 times
  • The average score is 19 of 20
Answer Stats
Rank #of Millionaires Country City % Correct
1 461,000 Japan Tokyo
100%
3 281,000 United Kingdom London
99%
2 389,000 United States New York (Manhattan)
99%
4 219,000 France Paris
99%
20 101,000 Russia Moscow
97%
13 127,000 Italy Rome
97%
6 213,000 China Beijing
96%
10 157,000 Singapore Singapore
96%
17 104,000 Australia Sydney
96%
14 126,000 United States Los Angeles
95%
11 131,000 South Korea Seoul
95%
15 118,000 Canada Toronto
94%
19 102,000 Mexico Mexico City
93%
9 166,000 China Shanghai
93%
16 107,000 United States Chicago
90%
12 13,000 Germany Munich
90%
5 217,000 Germany Frankfurt
87%
8 187,000 China Hong Kong
87%
7 190,000 Japan Osaka
87%
18 103,000 United States Houston
79%
No matching quizzes found
Score Distribution
Percent of People with Each Score
Percentile by Number Answered
Your Score History
You have not taken this quiz